| 000 | 00439nam a22001577a 4500 | ||
|---|---|---|---|
| 020 | _a8178087871 | ||
| 040 | _cNUST | ||
| 082 | _a004.65 KUR | ||
| 100 |
_aKurose, James F _917964 |
||
| 110 |
_aRoss, Keith W _9111625 |
||
| 245 |
_aComputer Networking: _bA Top-Down Approach Featuring the Internet |
||
| 250 | _a2th Edition | ||
| 260 |
_aSingapore: _bPearson Education, _c2003. |
||
| 650 |
_aComputer Networking _960515 |
||
| 942 |
_2ddc _cBK |
||
| 999 |
_c595438 _d595438 |
||